Statistics for Easy A-Z Bible Figures

Click here to take the quiz!

General Stats

  • This quiz has been taken 17 times
  • The average score is 13 of 26

Answer Stats

HintAnswer% Correct
JThe son of God who died for everyoneJesus
100%
Afirst manAdam
94%
EFirst womanEve
94%
GThe giant David killedGoliath
94%
NBuilt a boat to escape the worldwide floodNoah
94%
CThe first murderCain
88%
LWrote one of the four Gospel booksLuke
81%
TThe one who doubted JesusThomas
81%
XRuler of Persia in EstherXerxes
81%
MNames of many women in the New TestamentMary
75%
DA man after God's own heartDavid
69%
SStrongest person in the bibleSamson
69%
PPersecuted Christians then became onePaul
63%
RLeft her home to help her mother-in-lawRuth
63%
BThe man who helped Ruth by marrying herBoaz
31%
HThe mother of Abraham's first sonHagar
19%
IAn only child who had twin sonsIssac
19%
F(Acts 23-25)Felix
6%
OSon of BoazObed
6%
Q1 Kings 10:1-12Queen of Sheba
6%
UMan who touched the Ark of the Covenant (2 Samuel 6:3-8)Uzzah
6%
WThe Person Jesus met at the wellWoman at the well
6%
YOne of God's NamesYehweh
6%
KThe man who rebelled against Moses (Numbers 16)Korah
0%
VQueen of Persia in 1 chapter of EstherVashti
0%
ZA wee little man who climbed a tree to see JesusZacchaeus
0%

Score Distribution

Percentile by Number Answered

Percent of People with Each Score

Your Score History

You have not taken this quiz